Madrid, entrevisto / (Record no. 67641)

MARC details
000 -LEADER
campo de control de longitud fija 00797nam a22002535i 4500
001 - NÚMERO DE CONTROL
campo de control 67641
003 - IDENTIFICADOR DE NÚMERO DE CONTROL
campo de control ES-MaACL
005 - FECHA Y HORA DE LA ÚLTIMA TRANSACCIÓN
campo de control 20230906170124.0
007 - CAMPO FIJO DE DESCRIPCIÓN FÍSICA--INFORMACIÓN GENERAL
campo de control de longitud fija t|
008 - DATOS DE LONGITUD FIJA--INFORMACIÓN GENERAL
campo de control de longitud fija 040608s1992 sp ||||0| spa d
020 ## - NÚMERO INTERNACIONAL ESTÁNDAR DEL LIBRO
Número Internacional Estándar del Libro 84-88337-50-7
040 ## - FUENTE DE CATALOGACIÓN
Centro catalogador/agencia de origen M-BN
Lengua de catalogación spa
Centro/agencia transcriptor M-BN
080 ## - NÚMERO DE LA CLASIFICACIÓN DECIMAL UNIVERSAL
Número de la Clasificación Decimal Universal 821.134.2-92"19"
080 ## - NÚMERO DE LA CLASIFICACIÓN DECIMAL UNIVERSAL
Número de la Clasificación Decimal Universal 914.602.7 M (0:82)
100 1# - ENTRADA PRINCIPAL--NOMBRE DE PERSONA
Nombre de persona González-Ruano, César,
Fechas asociadas al nombre 1903-1965
9 (RLIN) 58936
245 10 - MENCIÓN DEL TÍTULO
Título Madrid, entrevisto /
Mención de responsabilidad, etc. César González-Ruano ; edición de Carlos G. Santa Cecilia.
260 ## - PUBLICACIÓN, DISTRIBUCIÓN, ETC.
Lugar de publicación, distribución, etc. [Madrid] :
Nombre del editor, distribuidor, etc. América Ibérica,
Fecha de publicación, distribución, etc. D.L. 1992.
300 ## - DESCRIPCIÓN FÍSICA
Extensión 175 p. ;
Dimensiones 18 cm.
500 ## - NOTA GENERAL
Nota general En el lomo: 2.
651 #4 - PUNTO DE ACCESO ADICIONAL DE MATERIA--NOMBRE GEOGRÁFICO
Nombre geográfico Madrid-
Subdivisión de forma Artículos periodísticos.
9 (RLIN) 8945
700 1# - ENTRADA AGREGADA--NOMBRE PERSONAL
Nombre de persona Santa Cecilia, Carlos G.
9 (RLIN) 103232
852 ## - LOCALIZACIÓN
Ubicación ES-MaACL
Número de control de estantería L-27926
Sublocalización o colección R.133006
Holdings
Estatus retirado Estado de pérdida Estado de daño No para préstamo Biblioteca de origen Biblioteca actual Ubicación en estantería Fecha de adquisición Fuente de adquisición Total de préstamos Signatura topográfica completa Código de barras Visto por última vez Precio de reemplazo Tipo de ítem Koha
        Biblioteca del Ateneo de Madrid Biblioteca del Ateneo de Madrid Depósito 2 17/01/2008     L-27926 1070822 23/02/2023 23/02/2023 Libro impreso